000 00409nam a2200181Ia 4500
001 920
005 20260306140553.0
008 260306t2006||||xx |||||||||||||| ||spa||
041 _aESP
082 _a174.3
_bG78
100 _aGrande Yáñez, Miguel
_eAUT
245 0 _aEtica de las profesiones jurídicas
260 _c2006
300 _a
_c
650 _aGEN
654 _aCHU
942 _cLIB
_dJUS
_fJUS
_2ddc
_n
999 _c920
_d920